• 首页
  • 本馆介绍
  • 公告通知
  • 最新文献
  • 馆藏检索
  • 电子资源
  • 读者导购
  • 参考咨询
  • 我的图书馆
  • 登录
  • 详细信息显示
  • 放入我的书架
  • 预约/预借图书
  • 作者相关作品
  • 分类相关作品
  • 丛书相关作品
  • 出版社相关作品

书目信息

  • 表格格式
  • 工作单格式
  • 卡片格式
题名:
中华人民共和国惩治军人违反职责罪暂行条例讲话
    
 
作者: 张纪孙 著
分册:  
出版信息: 北京   法律出版社  1983.12
页数:
开本:
丛书名: 法学知识丛书
单 册:
中图分类: E266
科图分类:
主题词: 军事制度--中国
电子资源:
ISBN:
000 00675nam0 2200217 45
001 0404221003
005 20040422102539.6
010    @dCNY0.23
091    @a6004.690
100    @a20040422d1983 km y0chiy0120 ea
101 0  @achi
105    @a z 000yy
200 1  @a中华人民共和国惩治军人违反职责罪暂行条例讲话@AZhong Hua Ren Min Gong He Guo Cheng Zhi Jun Ren Wei Fan Zhi Ze Zui Zan Xing Tiao Li Jiang Hua@f张纪孙著@FZhang Ji Sun Zhu
210    @a北京@c法律出版社@d1983.12
225    @a法学知识丛书
410    @12001 @a法学知识丛书
606 0  @a军事制度@x中国
690    @aE266
701  0 @a张纪孙@4著
801    @aCN@bTSTCL@c20040422
905    @f2@b172065-066@dE266@e3
    
    中华人民共和国惩治军人违反职责罪暂行条例讲话/张纪孙著.-北京:法律出版社,1983.12
    (法学知识丛书)
    
    
    ISBN :CNY0.23
    
●
相关链接 在E读中查询图书 在五车中查询图书 在当当中查询图书 在豆瓣中查询图书


正题名:中华人民共和国惩治军人违反职责罪暂行条例讲话     索取号:E266/3         预约/预借

序号 登录号 条形码 馆藏地/架位号 状态 备注
1 0172065   001260218   密集书库/ [索取号:E266/3] 在馆    
2 0172066   001260209   第一借阅区/ [索取号:E266/3] 在馆    
3 0172067   001260192   第一样本阅览室/ [索取号:E266/3] 在馆    
唐山师范学院图书馆 欢迎您!
大连网信软件有限公司© 版权所有